Países poéticos de Antonio Pereira / (Record no. 13295)

MARC details
000 -LEADER
campo de control de longitud fija 00613nam a2200205 i 4500
001 - NÚMERO DE CONTROL
campo de control 13295
003 - IDENTIFICADOR DE NÚMERO DE CONTROL
campo de control ES-MaACL
005 - FECHA Y HORA DE LA ÚLTIMA TRANSACCIÓN
campo de control 20230906150537.0
007 - CAMPO FIJO DE DESCRIPCIÓN FÍSICA--INFORMACIÓN GENERAL
campo de control de longitud fija t|
008 - DATOS DE LONGITUD FIJA--INFORMACIÓN GENERAL
campo de control de longitud fija 980127s1996 sp ||||1| spa d
020 ## - NÚMERO INTERNACIONAL ESTÁNDAR DEL LIBRO
Número Internacional Estándar del Libro 84-7719-533-1
080 ## - NÚMERO DE LA CLASIFICACIÓN DECIMAL UNIVERSAL
Número de la Clasificación Decimal Universal 860 Pereira, A.1.06
100 1# - ENTRADA PRINCIPAL--NOMBRE DE PERSONA
Nombre de persona Busmayor, Carmen.
9 (RLIN) 32827
245 10 - MENCIÓN DEL TÍTULO
Título Países poéticos de Antonio Pereira /
Mención de responsabilidad, etc. Carmen Busmayor.
260 ## - PUBLICACIÓN, DISTRIBUCIÓN, ETC.
Lugar de publicación, distribución, etc. León :
Nombre del editor, distribuidor, etc. Universidad,
Fecha de publicación, distribución, etc. [1996]
300 ## - DESCRIPCIÓN FÍSICA
Extensión 351 p. ;
Dimensiones 24 cm.
600 14 - PUNTO DE ACCESO ADICIONAL DE MATERIA--NOMBRE DE PERSONA
Nombre de persona Pereira, Antonio-
Subdivisión de forma Crítica e interpretación.
9 (RLIN) 90464
710 2# - ENTRADA AGREGADA--NOMBRE DE ENTIDAD CORPORATIVA
Nombre de entidad corporativa o nombre de jurisdicción como elemento de entrada Universidad de León.
9 (RLIN) 7200
852 ## - LOCALIZACIÓN
Ubicación ES-MaACL
Número de control de estantería L-20600
Sublocalización o colección R.125853
Holdings
Estatus retirado Estado de pérdida Estado de daño No para préstamo Biblioteca de origen Biblioteca actual Ubicación en estantería Fecha de adquisición Fuente de adquisición Total de préstamos Signatura topográfica completa Código de barras Visto por última vez Precio de reemplazo Tipo de ítem Koha
        Biblioteca del Ateneo de Madrid Biblioteca del Ateneo de Madrid Depósito 2 17/01/2008     L-20600 1013538 23/02/2023 23/02/2023 Libro impreso